| 000 | 00370nam a2200145Ia 4500 | ||
|---|---|---|---|
| 005 | 20251222141808.0 | ||
| 008 | 251222s9999||||xx |||||||||||||| ||spa|| | ||
| 020 | _a8487153747 | ||
| 082 | _a791.430.946/B18 | ||
| 100 | _aBallesteros Torres, Pedro | ||
| 245 | 0 | _aAlcalá y el Cine: | |
| 250 | _a1ra.ed. | ||
| 264 | _bFestival de Cine de Alcalá de Henares | ||
| 942 | _cLIB | ||
| 999 |
_c6365 _d6365 |
||